1127 1468 1204 1529 1156 1376 1175 1824 1959 1500 1692 1522 1549 1481 1505 1292 1574 1278 1114 1031 1124 1056 1991 1748 1836 1427 1201 1894 1390 1920 1484 1527 1973 1837 1612 1357 1277 1036 1293 1216 1031 1656 1592 1983 1925 1878 1114 1466 1209 1174 1172 1557 1946 1718 1378 1367 1578 1644 1573 1151 1528 1906 1433 1730 1676 1463 1436 1297 1614 1620 1949 1403 1010 1696 1672 1080 1877 1843 1358 1952 1477 1882 1434 1294 1194 1041 1901 1670 1490 1494 1213 1363 1561 1399 1779 1954 1765 1169 1015 BCNSPRNW ULIB Ver.6.0+V

เปลี่ยนเป็นภาษาไทย

Change to English
 แสดงรายละเอียดบรรณานุกรม
  กลับหน้าหลัก

Brief Record : Get Marc (ISO 2709) : E-mail record : QR code < ปิดหน้าต่าง
LEADER : 00000nam 2200000uu 4500
001    13399114033
003     ULIB
008    020711s2552 th a 000 0 tha d
020    ^a9786167013206
050  4 ^aPE1128^bค167ฝ
100    ^aครูอ๊ะ อริญญา
110    ^aD ดี
245    ^aฝึกฝนภาษาอังกฤษให้เก่งได้ด้วยตัวเอง = Practical English by yourself/^cครูอ๊ะ อริญญา
250    ^aพิมพ์ครั้งที่ 1
260    ^aกรุงเทพฯ :^bD ดี,^c2552
300    ^a240 หน้า
650    ไวยากรณ์^xการอ่าน คำศัพท์^xไวยากรณ์ภาษาอังกฤษ
945    ^p195^l0^i028939
945    ^p195^l0^i028940
995    ทศพร
999 ^a ทศพร
รายการนี้ยังไม่มีแท็ก
คุณยังไม่ได้ล็อกอิน คุณสามารถมีกิจกรรมร่วมกับเว็บไซต์ได้ แต่ต้องล็อกอินก่อน ::
  ล็อกอิน

รายการสื่อสารสนเทศ

ลำดับที่ ประเภท เลขเรียก/บาร์โค้ด สถานที่ สถานะ
- ไม่พบข้อมูล -

รายการใกล้เคียง
    ผู้แต่ง [ครูอ๊ะ อริญญา]

BibComment


ยังไม่เคยถูกคอมเมนท์

คอมเมนท์ทรัพยากรรายการนี้
  คอมเมนท์: ฝึกฝนภาษาอังกฤษใ..


 Copyright 2026. Bcnsprnw @Library